Pedagogía y eugenesia (Record no. 96127)

MARC details
000 -LEADER
campo de control de longitud fija 00555nam a2200181 i 4500
001 - NÚMERO DE CONTROL
campo de control 96127
003 - IDENTIFICADOR DE NÚMERO DE CONTROL
campo de control ES-MaACL
005 - FECHA Y HORA DE LA ÚLTIMA TRANSACCIÓN
campo de control 20240428063034.0
007 - CAMPO FIJO DE DESCRIPCIÓN FÍSICA--INFORMACIÓN GENERAL
campo de control de longitud fija t|
008 - DATOS DE LONGITUD FIJA--INFORMACIÓN GENERAL
campo de control de longitud fija 050610s1932 sp ||||1| spa d
100 1# - ENTRADA PRINCIPAL--NOMBRE DE PERSONA
Nombre de persona Diego-Madrazo, Enrique,
Fechas asociadas al nombre 1850-1942
9 (RLIN) 165773
245 10 - MENCIÓN DEL TÍTULO
Título Pedagogía y eugenesia
Resto del título : cultivo de la especie humana /
Mención de responsabilidad, etc. Enrique D. Madrazo.
260 ## - PUBLICACIÓN, DISTRIBUCIÓN, ETC.
Lugar de publicación, distribución, etc. Madrid :
Nombre del editor, distribuidor, etc. [s.n.],
Fecha de publicación, distribución, etc. 1932 (
Fabricante Imp. Viuda Galo Sèz)
300 ## - DESCRIPCIÓN FÍSICA
Extensión 322 p. ;
Dimensiones 19 cm.
650 ## - PUNTO DE ACCESO ADICIONAL DE MATERIA--TÉRMINO DE MATERIA
Término de materia o nombre geográfico como elemento de entrada Eugenesia.
9 (RLIN) 12606
852 ## - LOCALIZACIÓN
Ubicación ES-MaACL
Número de control de estantería A-1546
Holdings
Estatus retirado Estado de pérdida Estado de daño No para préstamo Biblioteca de origen Biblioteca actual Ubicación en estantería Fecha de adquisición Fuente de adquisición Total de préstamos Signatura topográfica completa Código de barras Visto por última vez Precio de reemplazo Tipo de ítem Koha
        Biblioteca del Ateneo de Madrid Biblioteca del Ateneo de Madrid Sala Pecera Planta 1 17/01/2008     A-1546 1100364 23/02/2023 23/02/2023 Libro impreso